[Event "26th Pula Open"]
[Site "Pula CRO"]
[Date "2012.06.16"]
[Round "9.15"]
[White "Maier,C"]
[Black "Dudas,E"]
[Result "1-0"]
[WhiteElo "2342"]
[BlackElo "2215"]

1.Nf3 d5 2.c4 e6 3.cxd5 exd5 4.d4 c5 5.Nc3 Nc6 6.e3 Nf6 7.Be2 Be7 8.O-O O-O
9.dxc5 Bxc5 10.b3 Be6 11.Bb2 Qe7 12.Nb5 Rac8 13.Nbd4 Rfd8 14.a3 Ne4 15.b4 Bd6
16.Rc1 Bb8 17.Nxc6 Rxc6 18.Qd4 f6 19.Rxc6 bxc6 20.Rc1 Bd7 21.Qd3 Rc8 22.g3 Qe6
23.Nd4 Qh3 24.Bf1 Qh5 25.Qe2 Qf7 26.Qa6 Qe8 27.Bg2 Nd6 28.Nxc6 Ne4 29.Ne7+ Qxe7
30.Rxc8+ Bxc8 31.Qxc8+ Qf8 32.Qd7 Qd6 33.Qe8+ Qf8 34.Qxf8+ Kxf8 35.Bd4 Ke7
36.Kf1 Kd6 37.Ke2 Kc6 38.a4 a6 39.f3 Ng5 40.Kd3 Ne6 41.Bc3 Bd6 42.f4 f5 43.Bf3 g6
44.Kc2 h5 45.Kb3 Nc7 46.Bf6 Kd7 47.Be2 Kc6 48.h3 Kb7 49.g4 hxg4 50.hxg4 fxg4
51.Bxg4 a5 52.bxa5 Na6 53.Bd4 Nc5+ 54.Kc2 Ka6 55.Bc3 Nxa4 56.Be2+ Kb7 57.Bd4 Nc5
58.Bb5 Be7 59.Kd1 Bd6 60.Ke1 Na6 61.Kf2 Bb4 62.Bb6 Nc5 63.Bd8 Ne6 64.a6+ Ka7
65.Bf6 Bc5 66.Kf3 Nc7 67.Bd3 Nxa6 68.Bd4 Bxd4 69.exd4 Nc7 70.Bxg6 Kb6 71.f5 Kc6
72.f6 Kd6 73.Bf7 Nb5 74.Ke3 Nc3 75.Kf4 Ne2+ 76.Ke3 Nc3 77.Bh5 Ne4 78.f7 Ke7
79.Kf4 Nd6 80.Ke5 Nxf7+ 81.Bxf7 Kxf7 82.Kxd5 Ke7 83.Kc6 Kd8 84.Kd6 Kc8 85.Ke7  1-0

[Event "3rd Forni di Sopra Open"]
[Site "Forni di Sopra ITA"]
[Date "2012.06.17"]
[Round "2.14"]
[White "Arjun,B"]
[Black "Sundararajan,K"]
[Result "1-0"]
[WhiteElo "2231"]
[BlackElo "2447"]

1.Nf3 d5 2.c4 d4 3.g3 c5 4.e3 Nc6 5.exd4 cxd4 6.d3 e5 7.Bg2 Bd6 8.O-O Nge7
9.a3 a5 10.Re1 O-O 11.Nbd2 Ng6 12.Qc2 h6 13.Rb1 Be6 14.c5 Bc7 15.b4 axb4
16.axb4 Ra2 17.Qd1 Nce7 18.Nc4 Nd5 19.Bd2 Qf6 20.Ra1 Rxa1 21.Qxa1 b5 22.cxb6 Nxb6
23.Nxb6 Bxb6 24.Rc1 Bd5 25.Ne1 Bxg2 26.Kxg2 Qe6 27.Qb1 Ra8 28.Kg1 Ne7 29.b5 Ra3
30.Rc2 e4 31.dxe4 d3 32.Rc3 Qf6 33.Nxd3 Rxc3 34.e5 Qf5 35.Bxc3 Bxf2+ 36.Kg2 Nd5
37.Bd2 Be3 38.Be1 Qe4+ 39.Kh3 Qf5+ 40.Kg2 Qe4+ 41.Kh3 g5 42.Qd1 Qf5+ 43.Kg2 Bd4
44.Qe2 Ne3+ 45.Kg1 Qe4  1-0

[Event "5th Karen Asrian Memorial"]
[Site "Jermuk ARM"]
[Date "2012.06.18"]
[Round "3.11"]
[White "Gabuzyan,H"]
[Black "Petrosyan,T1"]
[Result "1/2-1/2"]
[WhiteElo "2457"]
[BlackElo "2315"]

1.Nf3 d5 2.c4 c6 3.d4 Nf6 4.e3 g6 5.Nc3 Bg7 6.Bd2 O-O 7.Rc1 Ne4 8.cxd5 cxd5
9.Nxe4 dxe4 10.Ne5 Bxe5 11.dxe5 Nc6 12.Bc3 Qxd1+ 13.Rxd1 Be6 14.a3 Rfd8 15.Rxd8+ Rxd8
16.Be2 Bb3 17.f4 e6 18.Kf2 Ne7 19.Bd4 Nc6 20.Rc1 Nxd4 21.exd4 Rxd4 22.Rc8+ Kg7
23.Rc7 Rd2 24.Ke3 Rxb2 25.Rxb7 Rb1 26.g4 Ba2 27.Rxa7 Bd5 28.a4 Rb3+ 29.Kd4 Rb4+
30.Kc3 Rb3+ 31.Kd4 Rb4+  1/2-1/2

[Event "ch-FIN 2012"]
[Site "Helsinki FIN"]
[Date "2012.06.19"]
[Round "9"]
[White "Torkkola,Henri"]
[Black "Nouro,M"]
[Result "1/2-1/2"]
[WhiteElo "2127"]
[BlackElo "2330"]

1.Nf3 d5 2.c4 d4 3.g3 Nc6 4.Bg2 g6 5.O-O Bg7 6.e3 Nh6 7.d3 O-O 8.Qe2 e5 9.e4 f5
10.Bxh6 Bxh6 11.exf5 Bxf5 12.Nh4 Bd7 13.Nd2 g5 14.Bd5+ Kh8 15.Ng2 Qe7 16.Rae1 Rae8
17.Qh5 Qg7 18.Be4 g4 19.f4 exf4 20.gxf4 Ne7 21.Kh1 c6 22.c5 Nd5 23.Bxd5 Rxe1
24.Rxe1 cxd5 25.Qh4 Qf6 26.Qxf6+ Rxf6 27.Re7 Bc6 28.b4 Bf8 29.Re5 a5 30.a3 axb4
31.axb4 Bg7 32.Re7 Rf8 33.Re1 Ra8 34.Rb1 Bb5 35.Ne1 Ra2 36.Nb3 Bh6 37.Nxd4 Be8
38.Ng2 Rd2 39.b5 Bg7 40.Ne6 Bxb5 41.Nxg7 Bxd3 42.Rxb7 Be4 43.Kg1 d4 44.Re7 Rxg2+
45.Kf1 Bc6 46.Nf5 Rd2 47.Ke1 Rxh2 48.Rc7 Bd5 49.Rc8+ Bg8 50.c6 Rc2 51.c7 h5
52.Ne7 Kh7 53.Nxg8 Kg6 54.Ne7+ Kf7 55.Nd5 g3 56.Kf1 d3 57.Rh8 Rc1+ 58.Kg2 Rc2+
59.Kxg3 d2 60.Ne3 Rc3 61.c8=Q Rxe3+ 62.Kh4 d1=Q 63.Qf5+ Ke7 64.Rh7+ Kd8 65.Qa5+ Ke8
66.Qa8+ Qd8+ 67.Qxd8+ Kxd8 68.Rxh5 Ke7 69.Kg5 Ra3 70.Kg6 Rg3+ 71.Rg5 Ra3
72.Rb5 Rg3+ 73.Kf5 Ra3 74.Rb7+ Kf8 75.Kf6 Ra6+ 76.Kg5 Rc6 77.Rh7 Kg8 78.Rh6 Rc1
79.Rd6 Kf7 80.Rd7+ Ke6 81.Ra7 Rg1+ 82.Kh6  1/2-1/2

[Event "5th Karen Asrian Memorial"]
[Site "Jermuk ARM"]
[Date "2012.06.20"]
[Round "5.15"]
[White "Gabuzyan,H"]
[Black "Gasparian,T"]
[Result "1-0"]
[WhiteElo "2457"]
[BlackElo "2198"]

1.Nf3 d5 2.c4 e6 3.d4 c6 4.Nbd2 Nd7 5.e4 dxe4 6.Nxe4 Ngf6 7.Bd3 c5 8.O-O Nxe4
9.Bxe4 Nf6 10.Bg5 Be7 11.Bc2 cxd4 12.Nxd4 a6 13.Re1 Bd7 14.Qf3 Qb6 15.Rad1 Rc8
16.b3 h6 17.Bh4 Bc6 18.Qh3 Bd7 19.Nf5 exf5 20.Rxd7 Kxd7 21.Bxf5+ Kc7 22.Rxe7+ Kb8
23.Bxc8 Rxc8 24.Bg3+  1-0

[Event "Teplice Open 2012"]
[Site "Teplice CZE"]
[Date "2012.06.20"]
[Round "5.11"]
[White "Adamek,J"]
[Black "Olsarova,T"]
[Result "1-0"]
[WhiteElo "2320"]
[BlackElo "2209"]

1.Nf3 d5 2.c4 c6 3.g3 Nf6 4.Bg2 Bf5 5.cxd5 cxd5 6.Qb3 Qb6 7.Qxb6 axb6 8.Nc3 Nc6
9.d3 e5 10.O-O Bc5 11.Bd2 O-O 12.Nb5 Rad8 13.b4 Be7 14.a4 Bxb4 15.Bxb4 Nxb4
16.Nxe5 Rfe8 17.Nf3 Rxe2 18.Nbd4 Bxd3 19.Nxe2 Bxe2 20.Rfb1 Nc6 21.Rxb6 Na5
22.Nd4 Bc4 23.Re1 Kf8 24.Bf1 Nd7 25.Rd6 Re8 26.Ne6+ fxe6 27.Rxd7 Re7 28.Rxe7 Kxe7
29.f4 Kd6 30.Bxc4 dxc4 31.Kf2 Nb3 32.Ke2 Kc5 33.Kd1 c3 34.Re5+ Kc4 35.Kc2 Nd4+
36.Kb1 Kd3 37.Rc5 h5 38.Rc7 Kd2 39.a5 g6 40.h3 Nc6 41.Rd7+ Ke3 42.Kc2 Kf3
43.Rd3+ Ke4 44.Rxc3 Nxa5 45.Rc5 Nc6 46.Rg5 Nd4+ 47.Kc3 Ne2+ 48.Kd2 Kf3 49.Rxg6 Nxg3
50.Rxe6 Ne4+ 51.Ke1 Kxf4 52.Rh6 Kg5 53.Rb6 Ng3 54.Kf2 Kh4 55.Kg2 Ne2 56.Rb4+ Kg5
57.Kf3 Ng1+ 58.Kf2  1-0

[Event "Hotel El Aguila GM"]
[Site "Utebo ESP"]
[Date "2012.06.20"]
[Round "5.3"]
[White "Pogorelov,R"]
[Black "Ducarmon,Q"]
[Result "1/2-1/2"]
[WhiteElo "2408"]
[BlackElo "2368"]

1.Nf3 d5 2.c4 c6 3.e3 Nf6 4.Nc3 g6 5.d4 Bg7 6.Bd3 O-O 7.O-O Bg4 8.h3 Bxf3
9.Qxf3 e6 10.Rd1 Nbd7 11.cxd5 exd5 12.b4 a6 13.a4 Qe7 14.Rb1 b5 15.axb5 axb5
16.e4 dxe4 17.Nxe4 Rfe8 18.Nxf6+ Qxf6 19.Be4 Rac8 20.Be3 Qe6 21.Bc2 Nb6 22.Bb3 Nd5
23.Rdc1 Bf8 24.Rc2 Qd7 25.Bd2 Nxb4 26.Bxb4 Bxb4 27.Bxf7+ Qxf7 28.Qxf7+ Kxf7
29.Rxb4 Ke6 30.f3 Kd6 31.Kf2 Ra8 32.Rb1 Re6 33.Kg3 Ra4 34.Rd1 Rc4 35.Ra2 Kd5
36.Ra7 h6 37.Rh7 g5 38.Rf7 Rd6 39.Rf5+ Ke6 40.Re5+ Kf6 41.Re4 c5 42.Rb1 Rcxd4
43.Rxb5 Rxe4 44.fxe4 Rc6 45.Kf3 c4 46.Ke2 c3 47.Kd1 c2+  1/2-1/2

[Event "HSG Open A 2012"]
[Site "Hilversum NED"]
[Date "2012.06.24"]
[Round "6.1"]
[White "Castaneda,Geo"]
[Black "Guliyev,N"]
[Result "1/2-1/2"]
[WhiteElo "2522"]
[BlackElo "2522"]

1.Nf3 d5 2.c4 d4 3.g3 g6 4.Bg2 Bg7 5.d3 e5 6.O-O Ne7 7.b4 O-O 8.Nbd2 a5 9.b5 c5
10.bxc6 bxc6 11.Ba3 Na6 12.Nb3 Re8 13.Ng5 a4 14.Nc5 Nxc5 15.Bxc5 Bd7 16.Ne4 Nc8
17.Rb1 Qc7 18.Qc2 f5 19.Nd2 Ra5 20.Bb4 Ra7 21.c5 Be6 22.Nc4 Bf8 23.Rfc1 Ne7
24.Nb6 Ra6 25.a3 Qa7 26.Bd2 Qc7 27.Rb4 Nd5 28.Rxa4 Rxa4 29.Qxa4 Nxb6 30.cxb6 Qxb6
31.Rxc6 Qb3 32.Qxb3 Bxb3 33.Bb4 e4 34.dxe4 fxe4 35.Bxf8 Kxf8 36.Rd6 d3 37.exd3 exd3
38.Bf3 Re1+ 39.Kg2 Bc4  1/2-1/2

[Event "3rd Mediterranean Open"]
[Site "Terrasini ITA"]
[Date "2012.06.24"]
[Round "1"]
[White "Bentivegna,F"]
[Black "Messina,D"]
[Result "1-0"]
[WhiteElo "2299"]
[BlackElo "1939"]

1.Nf3 d5 2.c4 c6 3.e3 Nf6 4.Nc3 Bf5 5.cxd5 Nxd5 6.d3 e6 7.e4 Nxc3 8.bxc3 Bg6
9.Rb1 Qc7 10.Qb3 b6 11.Be2 Be7 12.O-O Nd7 13.Nd4 e5 14.Nf5 Bxf5 15.exf5 O-O
16.Qc4 Bd6 17.Bf3 Rac8 18.Bg5 Kh8 19.Qh4 f6 20.Bd2 Nc5 21.d4 exd4 22.cxd4 Nd3
23.g3 c5 24.Bh5 g5 25.fxg6 Qg7 26.Bg4 Qxg6 27.Bxc8 Rxc8 28.dxc5 Bxc5 29.Rb3 Ne5
30.Qh6 Qf5 31.Qf4 Qg6 32.Bc3 Bd6 33.Bxe5 Bxe5 34.Qf3 Qc2 35.Re1 Qc4 36.Rd3 Bc3
37.Rxc3 Qxc3 38.Re8+  1-0

[Event "20th Montcada Open"]
[Site "Montcada i Reixac ESP"]
[Date "2012.06.25"]
[Round "1.3"]
[White "Burmakin,V"]
[Black "Arjun,B"]
[Result "1-0"]
[WhiteElo "2586"]
[BlackElo "2231"]

1.Nf3 d5 2.c4 c6 3.e3 Nf6 4.Nc3 Bf5 5.cxd5 cxd5 6.Qb3 Nc6 7.Qxb7 Bd7 8.Qb3 Rb8
9.Qd1 e5 10.d4 e4 11.Ne5 Bd6 12.Nxd7 Qxd7 13.Be2 h5 14.h3 Rh6 15.a3 Rg6 16.g3 a5
17.Qa4 Rb6 18.Bd2 Ke7 19.Rc1 Bb8 20.Qc2 Nd8 21.Na4 Rc6 22.Nc5 Qf5 23.Bxa5 Nd7
24.g4 hxg4 25.hxg4 Qf6 26.Bxd8+ Kxd8 27.Qb3 Ba7 28.Qb7 Bxc5 29.Rxc5 Rxc5
30.dxc5 Rh6 31.Rxh6 gxh6 32.c6  1-0

[Event "3rd Mediterranean Open"]
[Site "Terrasini ITA"]
[Date "2012.06.27"]
[Round "5"]
[White "Bentivegna,F"]
[Black "Sbarra,M"]
[Result "1/2-1/2"]
[WhiteElo "2299"]
[BlackElo "2271"]

1.Nf3 d5 2.c4 e6 3.e3 c5 4.b3 Nc6 5.Bb2 d4 6.b4 dxe3 7.fxe3 Nxb4 8.d4 Nf6
9.a3 Nc6 10.Nc3 Be7 11.d5 Na5 12.e4 exd5 13.e5 Ng4 14.cxd5 O-O 15.d6 Bg5
16.Nd5 Be6 17.Nxg5 Qxg5 18.h4 Qh6 19.Bc1 Qh5 20.Bf4 Nc6 21.Ne7+ Nxe7 22.dxe7 Rfe8
23.Qf3 Qf5 24.Bd3 Nxe5 25.Bxf5 Nxf3+ 26.gxf3 Bxf5 27.Bd6 Rac8 28.O-O-O b6
29.Rhg1 f6 30.Rd2 Rc6 31.Rdg2 g6 32.Rd2 h5 33.Re1 Kf7 34.Re3 c4 35.Bb4 Bd3
36.a4 Re6 37.Rxe6 Kxe6 38.Kb2 Ke5 39.f4+ Kf5 40.Kc3 Ke4 41.Ra2 Kd5 42.a5 b5
43.a6 Bf5 44.Rd2+ Bd3 45.Ra2 Bf5  1/2-1/2

[Event "20th Montcada Open"]
[Site "Montcada i Reixac ESP"]
[Date "2012.06.28"]
[Round "4.6"]
[White "Margvelashvili,G"]
[Black "Alarcon Casellas,Rol"]
[Result "1/2-1/2"]
[WhiteElo "2552"]
[BlackElo "2417"]

1.Nf3 d5 2.c4 c6 3.e3 Nf6 4.d4 e6 5.Nbd2 Nbd7 6.Bd3 Be7 7.O-O O-O 8.b3 b6
9.Bb2 Bb7 10.Qe2 c5 11.Rad1 Qc7 12.h3 Rfe8 13.Ne5 Nxe5 14.dxe5 Ne4 15.Bxe4  1/2-1/2

[Event "ch-Pan Americano U20 2012"]
[Site "Sao Paulo BRA"]
[Date "2012.06.29"]
[Round "1.12"]
[White "Mendonca,M"]
[Black "Awoki,D"]
[Result "1-0"]
[WhiteElo "2220"]
[BlackElo "1900"]

1.Nf3 d5 2.c4 c6 3.b3 Nf6 4.e3 g6 5.Bb2 Bg7 6.Be2 O-O 7.O-O Re8 8.d4 e6 9.Nbd2 Nbd7
10.Rc1 Ne4 11.Qc2 f5 12.Rfd1 g5 13.Nxe4 fxe4 14.Nd2 Nf8 15.Bh5 Ng6 16.f3 exf3
17.Nxf3 Qf6 18.Rf1 Qf5 19.g4 Qxc2 20.Rxc2 Bf6 21.Ba3 Rd8 22.Ne1 Be7 23.Bxe7 Nxe7
24.Rf7 Ng6 25.Bxg6 hxg6 26.Re7 Kf8 27.Rc7 Rd7 28.Rxd7 Bxd7 29.Nf3 Ke7 30.Nxg5 e5
31.dxe5 Bxg4 32.cxd5 cxd5 33.Rc7+ Ke8 34.Rxb7 a5 35.Rb5 a4 36.Rxd5 axb3 37.axb3 Rb8
38.Rd4 Bf5 39.b4 Rb5 40.Nf3 Ke7 41.Kf2 Rb6 42.Kg3 Rb8 43.Nh4 Bc2 44.Nf3 Bf5
45.Kf4 Ke6 46.e4  1-0

[Event "ch-UAE 2012"]
[Site "Abu Dhabi UAE"]
[Date "2012.06.30"]
[Round "3.16"]
[White "Humaid,Ab"]
[Black "Murad,Abdulla"]
[Result "1/2-1/2"]
[WhiteElo "1666"]
[BlackElo "1756"]

1.Nf3 d5 2.c4 c6 3.b3 Bf5 4.Bb2 Nd7 5.d3 Qc7 6.g3 e5 7.Nbd2 Bd6 8.Bg2 Ngf6
9.O-O O-O 10.Nh4 Bg6 11.Nxg6 hxg6 12.Rc1 Qd8 13.d4 e4 14.c5 Bc7 15.b4 Qe7
16.e3 Nh7 17.Re1 Kh8 18.Qe2 Kg8 19.Qd1 Kh8 20.Qe2 Kg8 21.Qd1  1/2-1/2

[Event "40th TCh-GRE 2012"]
[Site "Achaea GRE"]
[Date "2012.06.30"]
[Round "1.12"]
[White "Hristof,Petros"]
[Black "Alexakis,Georgios"]
[Result "0-1"]
[WhiteElo "1469"]
[BlackElo "1650"]

1.Nf3 d5 2.c4 c6 3.d4 Nf6 4.Nc3 e6 5.b3 Bb4 6.Bd2 O-O 7.a3 Bxc3 8.Bxc3 Ne4
9.Bd2 Nd7 10.e3 f5 11.Bd3 b6 12.Bxe4 fxe4 13.Ne5 Nxe5 14.dxe5 Qg5 15.O-O Qxe5
16.Rc1 Bb7 17.Bc3 Qg5 18.Qd4 c5 19.Qe5 Qxe5 20.Bxe5 Rad8 21.Rfd1 Rf5 22.Bb2 Rdf8
23.Rf1 R5f7 24.Rc2 Rd7 25.Rd1 Rfd8 26.Rcd2 Bc6 27.Bc3 Kf7 28.h3 g6 29.Kh2 Ke7
30.Be5 dxc4 31.Rxd7+ Rxd7 32.Rxd7+ Kxd7 33.bxc4 Ba4 34.Kg3 Bb3 35.Kf4 Bxc4
36.Kxe4 Bf1 37.g3 Bxh3 38.Kd3 Kc6 39.Kc4 b5+ 40.Kc3 a5 41.Kb3 Bg4 42.Kc3 b4+
43.axb4 axb4+ 44.Kb3 Kb5 45.Bf6 c4+ 46.Kb2 c3+  0-1

[Event "ch-Pan Americano U20 2012"]
[Site "Sao Paulo BRA"]
[Date "2012.06.30"]
[Round "3.22"]
[White "Gomes Silverio,Taua"]
[Black "Massarioli,F"]
[Result "0-1"]
[WhiteElo "1675"]
[BlackElo "2027"]

1.Nf3 d5 2.c4 c6 3.a3 Nf6 4.Nc3 a6 5.d4 b5 6.cxd5 cxd5 7.b4 e6 8.e3 Nbd7
9.Bb2 Bd6 10.Qc2 Bb7 11.Bd3 Rc8 12.O-O Nb6 13.Qb1 O-O 14.Rc1 h6 15.a4 bxa4
16.Nxa4 Nxa4 17.Rxc8 Qxc8 18.Rxa4 Nd7 19.Qc1 Qxc1+ 20.Bxc1 Nb6 21.Ra2 Bxb4
22.Rb2 a5 23.Bd2 Nc4 24.Bxc4 dxc4 25.Bxb4 axb4 26.Rxb4 Bd5 27.Ne1 Ra8 28.Rb1 Ra2
29.Rc1 f5 30.f3 Re2 31.Nc2 c3 32.Kf1 Bc4 33.Kg1 Bb3 34.Na1 Ba4 35.h3 c2 36.Kf1 Rd2
37.Nxc2 Bxc2 38.Ke1 Rxg2 39.Kf1 Rh2 40.Kg1 Rd2 41.Ra1 Rd1+ 42.Rxd1 Bxd1 43.Kf2 g5
44.f4 gxf4 45.exf4 Kg7 46.Kg3 Kg6 47.Kh4 Bb3 48.Kg3 Kh5 49.h4 Bd1 50.Kh3 Bf3
51.Kg3 Bg4  0-1

[Event "XXI Adolf Anderssen Mem Prelim"]
[Site "Wroclaw POL"]
[Date "2012.06.30"]
[Round "2"]
[White "Goluch,P"]
[Black "Vysochin,S"]
[Result "1-0"]
[WhiteElo "2246"]
[BlackElo "2550"]

1.Nf3 d5 2.c4 c6 3.d4 Nf6 4.Nc3 a6 5.c5 Bf5 6.Qb3 Qc8 7.Bf4 Nbd7 8.e3 Nh5
9.Be5 f6 10.Bg3 e5 11.Be2 Nxg3 12.hxg3 Bg6 13.Nh4 Bf7 14.Qc2 Qc7 15.Bd3 e4
16.Be2 O-O-O 17.g4 g6 18.b4 f5 19.gxf5 Be7 20.g3 g5 21.f6 Nxf6 22.Nf5 Be6
23.Nxe7+ Qxe7 24.a4 Kd7 25.b5 axb5 26.axb5 Ra8 27.Na4 Ke8 28.Kd2 Kf7 29.Nb6 Rxa1
30.Rxa1 Nd7 31.Ra7 Nxb6 32.bxc6 Rb8 33.cxb6 Qb4+ 34.Kc1 Qxb6 35.Qc5 Qxc5+
36.dxc5 Kf6 37.cxb7 Ke7 38.c6 Kd6 39.Ra8 Kc7 40.Kd2 Bf7 41.Bg4 d4 42.exd4 Bd5
43.Bd7 h5 44.Ke3 h4 45.gxh4 gxh4 46.Kf4 h3 47.Kg3 e3 48.fxe3 Bg2 49.e4 Bxe4
50.Kxh3 Rxb7  1-0

[Event "XXI Adolf Anderssen Mem Prelim"]
[Site "Wroclaw POL"]
[Date "2012.06.30"]
[Round "8"]
[White "Goluch,P"]
[Black "Grabarczyk,M"]
[Result "0-1"]
[WhiteElo "2246"]
[BlackElo "2445"]

1.Nf3 d5 2.c4 e6 3.g3 Nf6 4.Bg2 Be7 5.O-O O-O 6.cxd5 exd5 7.d3 Nc6 8.a3 Bg4
9.Nbd2 Re8 10.b4 Bd6 11.Bb2 Ne5 12.Nxe5 Bxe5 13.Bxe5 Rxe5 14.Nf3 Re7 15.h3 Bxf3
16.Bxf3 a5 17.Qc2 c6 18.Rab1 axb4 19.axb4 Qd6 20.Kh2 Nd7 21.d4 Nb6 22.e3 Nc4
23.b5 g6 24.bxc6 bxc6 25.Ra1 Rb8 26.Ra2 h5 27.h4 Reb7 28.Kg1 Rb2 29.Rxb2 Rxb2
30.Qd1 Nxe3 31.Qc1 Nc4 32.Qh6 Nd2 33.Ra1 Nxf3+ 34.Kg2 Nxd4  0-1

[Event "40th TCh-GRE 2012"]
[Site "Achaea GRE"]
[Date "2012.07.01"]
[Round "2.11"]
[White "Guramishvili,S"]
[Black "Sarandos,V"]
[Result "1-0"]
[WhiteElo "2408"]
[BlackElo "2241"]

1.Nf3 d5 2.c4 c6 3.e3 Nf6 4.Qc2 a6 5.h3 e6 6.b3 Nbd7 7.Bb2 Bd6 8.Be2 O-O
9.g4 Qe7 10.Nc3 b5 11.g5 Ne8 12.Bd3 g6 13.h4 bxc4 14.bxc4 dxc4 15.Bxc4 Ba3
16.Bxa3 Qxa3 17.h5 Ng7 18.Ne4 Rb8 19.Bb3 c5 20.Ne5 f5 21.Nxd7 Bxd7 22.Nf6+ Rxf6
23.gxf6 Nxh5 24.Rxh5 gxh5 25.Qxf5 Kf7 26.Qxh5+ Kxf6 27.Qh4+  1-0

[Event "9th Philadelphia International"]
[Site "Philadelphia USA"]
[Date "2012.07.01"]
[Round "5"]
[White "Karavade,E"]
[Black "Kelley,D"]
[Result "1-0"]
[WhiteElo "2353"]
[BlackElo "2242"]

1.Nf3 d5 2.c4 e6 3.g3 Nf6 4.Bg2 dxc4 5.Qa4+ Nbd7 6.Qxc4 a6 7.Qc2 c5 8.O-O Bd6
9.Nc3 O-O 10.d4 e5 11.dxe5 Nxe5 12.Rd1 Nxf3+ 13.Bxf3 Qc7 14.Bg5 Be6 15.Bxf6 gxf6
16.Be4 h6  1-0

[Event "1st CT Casino Marina del Sol"]
[Site "Talcahuano CHI"]
[Date "2012.07.01"]
[Round "6.4"]
[White "Salinas Herrera,P"]
[Black "Diaz Vasquez,M"]
[Result "1-0"]
[WhiteElo "2409"]
[BlackElo "2212"]

1.Nf3 d5 2.c4 e6 3.g3 Nf6 4.b3 Be7 5.Bg2 O-O 6.Bb2 c5 7.e3 Nc6 8.O-O b6 9.Qe2 Bb7
10.d4 Qc7 11.dxc5 bxc5 12.cxd5 exd5 13.Nh4 Nb4 14.Nc3 Ba6 15.Nb5 Qd7 16.a4 Ne4
17.Rfd1 Qe6 18.Qf3 Bxb5 19.axb5 g6 20.Bf1 Rfd8 21.Ra4 f5 22.Qe2 Bf6 23.Ng2 Nc3
24.Bxc3 Bxc3 25.Nf4 Qe5 26.Bg2 Kh8 27.h4 Rd7 28.b6 a6 29.b7 Rb8 30.Rxb4 cxb4
31.Rxd5 Rxd5 32.Bxd5 Qd6 33.Qc4 Rd8 34.Ne6 Re8 35.Qc8 Qb8 36.Qd7 Bf6 37.Qf7 Bc3
38.Ng5 Bg7 39.Qg8+  1-0

[Event "XXI Adolf Anderssen Mem KO"]
[Site "Wroclaw POL"]
[Date "2012.07.01"]
[Round "1.2"]
[White "Arutinian,D"]
[Black "Vysochin,S"]
[Result "1-0"]
[WhiteElo "2556"]
[BlackElo "2533"]

1.Nf3 d5 2.c4 c6 3.e3 Nf6 4.Nc3 g6 5.d4 Bg7 6.Be2 O-O 7.O-O Bg4 8.cxd5 cxd5
9.Qb3 b6 10.h3 Bc8 11.Ne5 Bb7 12.a4 Nc6 13.Nxc6 Bxc6 14.Ba6 e6 15.Bd2 Ne8
16.Rfc1 Nd6 17.Nb5 Bxb5 18.axb5 Nc4 19.Bb4 Na5 20.Qa4 Re8 21.Bxa5 bxa5 22.Bb7 Rb8
23.Bc6 Re7 24.Qxa5 e5 25.dxe5 Bxe5 26.Rd1 d4 27.Qb4 Qf8 28.exd4 Bd6 29.Qc4 Rd8
30.Re1 Bc7 31.Red1 Bb6 32.d5 Re5 33.Rd2 Qe7 34.Rf1 Rd6 35.g3 h5 36.h4 Re4
37.Qd3 Qe5 38.Kg2 Kh7 39.Qc3 Qf5 40.Qf3 Qxf3+ 41.Kxf3 Re5 42.Kg2 Kg7 43.Rc1 Re7
44.Rcc2 Kf6 45.Re2 Rd8 46.Kf3 Rxe2 47.Rxe2 Bc5 48.Re4 Bb6 49.Ke2 Bc5 50.b3 Bb6
51.b4 Bc7 52.Kd3 Bb6 53.Kc4 Bc7 54.Be8 Rc8 55.Bd7 Rd8 56.Bc6 Bb6 57.Kd3 Bc7
58.Ke2 Bb6 59.Kf3 Bc7 60.Kg2 Bb6 61.f3 Bc7 62.g4 hxg4 63.fxg4 Bd6 64.Kh3 Rh8
65.Bd7 Rd8 66.g5+ Kg7 67.Bc6 Rb8 68.Kg4 Rh8 69.Be8 Kf8 70.Bc6 Kg7 71.Rd4 Rd8
72.Kf3 Rh8 73.Kg4 Rd8 74.Rc4 Rc8 75.Re4 Rh8 76.Re2 Bxb4 77.Ra2 Bc5 78.d6 Bxd6
79.Rxa7 Bc5 80.Rd7 Re8 81.Bd5 Re7 82.Rxe7 Bxe7 83.b6 Bd6 84.b7 f6 85.Bc4 Bc7
86.Bd3 Bb8 87.Bc2 Bc7 88.Kf3 Kf7 89.Ke3 fxg5 90.hxg5 Ke6 91.Bxg6 Ke5 92.Kf3 Bd6
93.Bb1 Bc7 94.Kg4 Ke6 95.Kh5 Kf7 96.Kh6 Bf4 97.Kh7  1-0

[Event "9th Philadelphia International"]
[Site "Philadelphia USA"]
[Date "2012.07.02"]
[Round "8.16"]
[White "Ostrovskiy,Al"]
[Black "Wang,K"]
[Result "1/2-1/2"]
[WhiteElo "2322"]
[BlackElo "2171"]

1.Nf3 d5 2.c4 e6 3.g3 dxc4 4.Qa4+ Nd7 5.Bg2 Nf6 6.Qxc4 a6 7.Qc2 c5 8.O-O b5
9.a4 Bb7 10.Rd1 Be7 11.d3 O-O 12.Nc3 Qb6 13.b3 Rac8 14.e4 Rfd8 15.h3 Nb8
16.Be3 Nc6 17.Rac1 Nd7 18.axb5 axb5 19.d4 cxd4 20.Nxd4 Nxd4 21.Bxd4 Bc5  1/2-1/2

[Event "ch-Pan Americano U20 2012"]
[Site "Sao Paulo BRA"]
[Date "2012.07.02"]
[Round "6.4"]
[White "Mendonca,M"]
[Black "Torres,Ju2"]
[Result "1/2-1/2"]
[WhiteElo "2220"]
[BlackElo "2306"]

1.Nf3 d5 2.c4 c6 3.d4 Nf6 4.Nc3 dxc4 5.e3 b5 6.a4 b4 7.Na2 e6 8.Bxc4 a5 9.O-O Be7
10.Qe2 Ba6 11.Bd2 Bxc4 12.Qxc4 O-O 13.Nc1 Qb6 14.Ne5 Rc8 15.Nb3 Nbd7 16.Nxd7 Nxd7
17.Rfc1 c5 18.Rc2 Qc6 19.dxc5 Nxc5 20.Nxc5 Qxc5 21.Qxc5 Rxc5 22.Rxc5 Bxc5
23.Rc1 Be7 24.Kf1 Kf8 25.b3 Bd6 26.Ke2 Ke7 27.e4 Kd7 28.Be3 Ra6 29.Bd4 g6
30.h3 Rc6 31.Rxc6 Kxc6 32.Bf6 Bc7 33.Kd3 Bb6 34.f3 Kd6 35.Kc4 Kc6 36.Be7 Ba7
37.g4 Bb6 38.Bf6 Bc7 39.Bg5 Kb6 40.Be7 Kc6 41.Kd4 Kd7 42.Bf8 Kc6 43.Bh6 Bd6
44.Bg5 Bc7 45.h4 h5 46.e5 Bb6+ 47.Ke4 Bc7 48.Bf6 Kc5 49.Be7+ Kc6 50.Bg5 Bb6
51.Be7 Bc7 52.Bf6 Kc5 53.gxh5 gxh5 54.Be7+ Kc6 55.Bg5 Bb6 56.Be7 Bc7 57.Bf6 Bb6
58.Kf4 Kd5 59.Kg5 Kd4 60.Kxh5 Kc3 61.Kg4 Kxb3 62.h5 Kxa4 63.h6 b3 64.h7 b2
65.h8=Q b1=Q 66.Qe8+ Qb5 67.Qxf7 Qc4+ 68.Kh5 Be3 69.Bg5 Bd4 70.f4 Qd5 71.Kg6 Qe4+  1/2-1/2

[Event "ch-UAE 2012"]
[Site "Abu Dhabi UAE"]
[Date "2012.07.03"]
[Round "7.15"]
[White "Humaid,Ab"]
[Black "Mohamed,Marshool"]
[Result "1/2-1/2"]
[WhiteElo "1666"]
[BlackElo "1599"]

1.Nf3 d5 2.c4 e6 3.b3 Nf6 4.Bb2 Be7 5.g3 O-O 6.Bg2 Nc6 7.O-O Re8 8.e3 Bd6
9.Nc3 Ne7 10.Nb5 Ng6 11.Nxd6 Qxd6 12.Qc2 Bd7 13.Rac1 c6 14.c5 Qe7 15.Nd4 Rec8
16.f4 b6 17.b4 bxc5 18.bxc5 Rcb8 19.a4 Nf8  1/2-1/2

[Event "40th TCh-GRE 2012"]
[Site "Achaea GRE"]
[Date "2012.07.03"]
[Round "5.7"]
[White "Rapport,R"]
[Black "Brunello,S"]
[Result "1/2-1/2"]
[WhiteElo "2577"]
[BlackElo "2592"]

1.Nf3 d5 2.c4 d4 3.g3 Nc6 4.Bg2 e5 5.O-O Nf6 6.d3 a5 7.e3 dxe3 8.Bxe3 Be7
9.Nc3 O-O 10.d4 exd4 11.Nxd4 Nxd4 12.Qxd4 Qxd4 13.Bxd4 c6 14.Na4 Be6 15.b3 Nd7
16.Rad1 Rfe8 17.h3 h5 18.Kh2 g6 19.Rfe1 Bb4 20.Bc3 Bxc3 21.Nxc3 Nf6 22.Na4 Rad8
23.Nc5 Rxd1 24.Rxd1 Bc8 25.a3 Kg7 26.Rd2 Re1 27.Rd8 Re8 28.Rxe8 Nxe8 29.g4 hxg4
30.hxg4 Kf6 31.f4 Nd6 32.Kg3 b5 33.cxb5 Nxb5 34.Bxc6 Nxa3 35.Bd7 Bxd7 36.Nxd7+ Ke6
37.Ne5 Nc2 38.Nc4 Nb4 39.Nxa5 f5 40.g5 Kd5  1/2-1/2

[Event "40th TCh-GRE 2012"]
[Site "Achaea GRE"]
[Date "2012.07.03"]
[Round "5.11"]
[White "Drakoulakos,Grigorios"]
[Black "Serpetsidakis,Nikolaos"]
[Result "1-0"]
[WhiteElo "1736"]
[BlackElo "1492"]

1.Nf3 d5 2.c4 c6 3.e3 Nf6 4.Nc3 e6 5.b3 Be7 6.Qc2 O-O 7.Bb2 Nbd7 8.d4 b6
9.Be2 Bb7 10.O-O Rc8 11.Rfd1 c5 12.cxd5 exd5 13.Rac1 Ne4 14.Qb1 Nxc3 15.Bxc3 Qc7
16.dxc5 bxc5 17.Qf5 Bf6 18.Bb5 Rfd8 19.Bxd7 Qxd7 20.Qxd7 Rxd7 21.Bxf6 gxf6
22.Rc3 a5 23.Rdc1 c4 24.Nd2 Ba6 25.h3 Rdc7 26.bxc4 dxc4 27.Rb1 Rc6 28.Kf1 Kf8
29.Ke2 Ke7 30.Nf3 R6c7 31.Kd2 Rb7 32.Rxb7+ Bxb7 33.Ra3 Bxf3 34.gxf3 Rc5 35.Kc3 Rh5
36.Kxc4 Rxh3 37.f4 Rh5 38.Rb3 Rf5 39.Kd4 h5 40.Rb8 Kd7 41.a4 Ke7 42.f3 Kd7
43.Rb7+ Ke6 44.Ke4 Rc5 45.f5+ Kd6 46.Rxf7 Rc4+ 47.Kd3 Rxa4 48.f4 Kd5 49.Rxf6 Ra3+
50.Ke2 Ke4 51.Re6+ Kxf5 52.Re5+ Kg6 53.Rg5+ Kh6 54.e4 h4 55.Kf2 a4 56.Ra5 Ra2+
57.Kg1 h3 58.e5 h2+ 59.Kh1 Kh5 60.e6+ Kh4 61.Re5 Rd2 62.e7 Rd1+ 63.Kxh2 Rd2+
64.Kg1 Rd1+ 65.Kf2 a3 66.e8=Q Rd2+ 67.Re2 a2 68.Qh8+ Kg4 69.Rxd2 a1=Q 70.Qxa1 Kh5
71.Qg1  1-0

[Event "20th Montcada Open"]
[Site "Montcada i Reixac ESP"]
[Date "2012.07.03"]
[Round "9.7"]
[White "Pardo Simon,D"]
[Black "Cuartas,Ja"]
[Result "1/2-1/2"]
[WhiteElo "2421"]
[BlackElo "2523"]

1.Nf3 d5 2.c4 c6 3.e3 Nf6 4.Nc3 g6 5.d4 Bg7 6.Bd3 O-O 7.O-O Bg4 8.h3 Bxf3
9.Qxf3 e6 10.b3 Nbd7 11.Bb2 Re8 12.Rfd1 Qe7 13.Bf1 e5 14.cxd5 e4 15.Qe2 Nxd5
16.Nxd5 cxd5 17.Qb5 Nf6 18.a4 a6 19.Qb6  1/2-1/2

[Event "40th TCh-GRE 2012"]
[Site "Achaea GRE"]
[Date "2012.07.04"]
[Round "6.2"]
[White "Kempinski,R"]
[Black "Postny,E"]
[Result "0-1"]
[WhiteElo "2606"]
[BlackElo "2651"]

1.Nf3 d5 2.c4 d4 3.b4 f6 4.e3 e5 5.Qb3 c5 6.bxc5 Nc6 7.Be2 Bxc5 8.Ba3 Qe7
9.Bxc5 Qxc5 10.exd4 exd4 11.Qb5 Qd6 12.c5 Qd5 13.O-O a6 14.Qb6 Nge7 15.Na3 d3
16.Bd1 Qd8 17.Nc4 Qxb6 18.Nxb6 Rb8 19.Re1 Bg4 20.Bb3 Bxf3 21.gxf3 Ne5 22.f4 Nf3+
23.Kg2 Nxe1+ 24.Rxe1 Rd8 25.Bd5 a5 26.Re3 Kf8 27.Bxb7 Nf5 28.Re4 Rd4 29.Bd5 Rxe4
30.Bxe4 Nd4 31.c6 Ne6 32.Nd5 Kf7 33.Bxd3 Rc8 34.f5 Nc7 35.Nb6 Rd8 36.Nd7 Ke7
37.Be4 Kd6 38.a4 Na6 39.d4 Nb8 40.Nb6 Nxc6 41.Nc4+ Kc7 42.d5 Ne7 43.Nxa5 Nxd5
44.Bc2 Nb6 45.Kf3 Rd4 46.Nb3 Rxa4 47.Nc5 Ra3+ 48.Kg2 Nd5 49.Ne6+ Kd6 50.Be4 g5  0-1